| 000 | 00456nam a22001691c 4500 | ||
|---|---|---|---|
| 001 | ht009593459 | ||
| 008 | 070117s1965 gw |||| 000u eng d | ||
| 041 | _aeng | ||
| 100 | 1 | _aPelling, Henry | |
| 245 | 0 | 4 |
_aThe Origins of the Labour Party, 1880 - 1900 / _cby Henry [Mathison] Pelling |
| 250 | _a2. [rev.] ed. | ||
| 264 |
_aOxford : _bClarendon Pr., _c1965 |
||
| 300 | _aIX, 256 S. ; 8-o | ||
| 942 | _cMG | ||
| 040 | _cRU-10907106 | ||
| 003 | RU-10907106 | ||
| 999 |
_c11393 _d11393 |
||